| 000 | 00908nam a22002417a 4500 | ||
|---|---|---|---|
| 001 | 74482 | ||
| 003 | BD-RjUL | ||
| 005 | 20211209082546.0 | ||
| 008 | 181007r20162011bg a|||| |||| 00| 0 eng d | ||
| 020 | _a9789848866405 (Set) | ||
| 035 | _a(BD-RjUL) 74700 | ||
| 040 |
_aBD-RjUL _beng _cBD-RjUL |
||
| 041 | _aeng | ||
| 082 |
_223 _a891.4414 _bTAR 2016 |
||
| 100 |
_aTagore, Rabindranath _9223350 |
||
| 245 |
_aRabindra Oeuvre : _bAll published and unpublished Bengali and English writing, letters, manuscripts, printing and photographs / _cRabindranath Tagore. |
||
| 260 |
_aDhaka : _bPathak shambesh, _c2012 [reprint 2016]. |
||
| 300 |
_aV. : _bill. ; _c25 cm. |
||
| 500 | 0 | 0 | _aThis book is v.25, v.1--v.18,v.22--v. 25 Published in Bengali language and v.19-- v.21 published in english language. |
| 505 | 0 | 1 | _av.19-- v. 20 -- v. 21 -- |
| 600 |
_aTagore, Rabindranath _d1861-1941 _9223389 |
||
| 942 |
_2ddc _cBK |
||
| 999 |
_c74482 _d74482 |
||